The rise of Silas Lapham
Uloženo v:
| Hlavní autor: | |
|---|---|
| Médium: | Kniha |
| Jazyk: | angličtina |
| Vydáno: |
Nueva York
New American Library
1963
|
| Edice: | Signet Classic
|
| Témata: | |
| Tagy: |
Přidat tag
Žádné tagy, Buďte první, kdo vytvoří štítek k tomuto záznamu!
|
MARC
| LEADER | 00000nam a2200000 a 4500 | ||
|---|---|---|---|
| 001 | UCQ4385 | ||
| 003 | CL-VaPUC | ||
| 008 | 980904e19630000US |||||||||||||||||eng|d | ||
| 082 | 0 | 4 | |a 813 |b HOW |2 21 |
| 100 | |a Howells, William Dean |e author |9 418643 | ||
| 245 | 1 | 4 | |a The rise of Silas Lapham |
| 300 | |a 350 p | ||
| 942 | |c BK | ||
| 945 | |d 19980904 00:00:00 |a crobeson | ||
| 260 | |a Nueva York |b New American Library |c 1963 | ||
| 650 | 0 | |a Novelas estadounidenses |9 265217 | |
| 650 | 0 | |a Literatura estadounidense |9 317168 | |
| 583 | |a last modification |c 19980904 00:00:00 |k Rodrigo Vera | ||
| 490 | 0 | |a Signet Classic | |
| 999 | |c 274767 |d 274765 | ||
| 952 | |0 0 |1 0 |4 0 |6 813_000000000000000_HOW_1963 |7 0 |8 A |9 311071 |a BIBEDU |b BIBEDU |d 2019-11-20 |i 1463586 |o 813 HOW 1963 |p 1463586 |r 2019-11-20 |w 2019-11-20 |y BK |k LIT | ||